[Event "FSGM July"]
[Site "Budapest HUN"]
[Date "2004.07.10"]
[Round "8"]
[White "Seres,L"]
[Black "McDonald,N"]
[Result "1/2-1/2"]
[WhiteElo "2497"]
[BlackElo "2380"]

1.d4 d5 2.c4 c6 3.Nf3 Nf6 4.Nc3 e6 5.e3 Nbd7 6.Bd3 Bd6 7.O-O O-O 8.e4 dxe4
9.Nxe4 Nxe4 10.Bxe4 h6 11.Bc2 e5 12.Re1 exd4 13.Qxd4 Nf6 14.Bxh6 Bxh2+ 15.Kxh2 Ng4+
16.Kg1 Qxd4 17.Nxd4 Nxh6 18.Re7 Rd8 19.Rae1 Kf8 20.Nf3 Bd7 21.c5 Ng8 22.R7e3 Nf6
23.Bb3 Be8 24.Ne5 Nd5 25.Rh3 Kg8 26.Re4 f6 27.Nc4 Bd7 28.Rh5 g6 29.Rh6 Bf5
30.Reh4 g5 31.Rh8+ Kg7 32.Rxd8 Rxd8 33.Rd4 Be6 34.Ne3  1/2-1/2

[Event "111th ch-SCO"]
[Site "Hamilton SCO"]
[Date "2004.07.10"]
[Round "1"]
[White "Brown,Ste"]
[Black "Mannion,S"]
[Result "0-1"]
[WhiteElo "2082"]
[BlackElo "2333"]

1.d4 d5 2.c4 c6 3.Nf3 Nf6 4.Nc3 e6 5.e3 Nbd7 6.Bd3 dxc4 7.Bxc4 b5 8.Bd3 Bb7
9.O-O a6 10.a4 b4 11.Ne2 c5 12.b3 Bd6 13.Bb2 Qb8 14.Ng3 h5 15.Re1 h4 16.Nf1 h3
17.g3 Rh5 18.e4 cxd4 19.Bxd4 e5 20.Bb2 Nc5 21.Qc2 Qa7 22.N1d2 Nxd3 23.Qxd3 Ng4
24.Re2 Bc5 25.Rf1 Rd8 26.Qc2 a5 27.Nc4 f6 28.Ne1 Ba6 29.Nd3 Bd4 30.Bxd4 Qxd4
31.Ndb2 Qc5 32.Rd2 Rd4 33.Rfd1 Ke7 34.Rxd4 exd4 35.Nd3 Qc6 36.Nf4 Rc5 37.Rxd4 Bxc4
38.Rxc4 Rxc4 39.bxc4 Ne5 40.Nd5+ Kd6 41.Ne3 Nf3+ 42.Kf1 Qxe4 43.Qxe4 Nd2+
44.Ke1 Nxe4 45.Nf5+ Kc5 46.f3 b3 47.Kd1 Nc3+  0-1

[Event "111th ch-SCO"]
[Site "Hamilton SCO"]
[Date "2004.07.10"]
[Round "1"]
[White "Holmes,D"]
[Black "Tweedie,C"]
[Result "1-0"]
[WhiteElo "2290"]
[BlackElo "2046"]

1.d4 d5 2.c4 e6 3.Nc3 c6 4.e3 Nf6 5.Nf3 Nbd7 6.Qc2 Bd6 7.Be2 O-O 8.O-O b6
9.e4 e5 10.cxd5 cxd5 11.exd5 exd4 12.Nxd4 Bb7 13.Nc6 Qc8 14.Bf4 Bxc6 15.Bxd6 Bxd5
16.Bxf8 Nxf8 17.Qd1 Be6 18.Bf3 Rb8 19.Qd6 Ng6 20.g3 h5 21.Rac1 Qe8 22.Bc6 Rd8
23.Bxe8 Rxd6 24.Ba4 Rd2 25.Rc2 Rd4 26.b3 Ne5 27.f4 Neg4 28.Rd1 Rxd1+ 29.Nxd1 Nd5
30.Rd2 Ngf6 31.Bc6 h4 32.f5 Nb4 33.fxe6 Nxc6 34.Rc2 Ne7  1-0

[Event "TCh-GRE"]
[Site "Aghia Pelagia GRE"]
[Date "2004.07.11"]
[Round "9"]
[White "Grivas,E"]
[Black "Tsekouras,T"]
[Result "1-0"]
[WhiteElo "2520"]
[BlackElo "2269"]

1.d4 d5 2.c4 c6 3.Nf3 Nf6 4.Nc3 e6 5.e3 Nbd7 6.Qc2 Bd6 7.b3 O-O 8.Be2 Re8
9.O-O dxc4 10.bxc4 e5 11.Bb2 Qe7 12.Rae1 e4 13.Nd2 Nf8 14.f3 exf3 15.Bxf3 c5
16.Nb5 Bb8 17.dxc5 Qxc5 18.Bxf6 gxf6 19.Ne4 Qe5 20.Ng3 Qg5 21.Nh5 Rxe3 22.Nxf6+ Qxf6
23.Rxe3 Qh6 24.Kf2 a6 25.Nc3 Ba7 26.Nd5 Ne6 27.Qe4 Bd7 28.Rb1 f5 29.Ne7+ Kf7
30.Nxf5 Bxe3+ 31.Nxe3 Bc6 32.Rxb7+  1-0

[Event "15th Open"]
[Site "Ljubjana SLO"]
[Date "2004.07.11"]
[Round "3"]
[White "Gomboc,M"]
[Black "Orel,A"]
[Result "1/2-1/2"]
[WhiteElo "2165"]
[BlackElo "2010"]

1.d4 d5 2.c4 c6 3.Nf3 Nf6 4.Nc3 e6 5.e3 Be7 6.Bd3 Nbd7 7.O-O h6 8.e4 Nb6
9.e5 Nh7 10.c5 Nd7 11.Qc2 Ndf8 12.b4 h5 13.b5 g5 14.Nd2 g4 15.Nb3 Ng5 16.Kh1 h4
17.f4 gxf3 18.gxf3 f5 19.exf6 Bxf6 20.f4 Nf7 21.Bd2 Qc7 22.Rae1 h3 23.f5 e5
24.Bf4 Kd8 25.dxe5 Nxe5 26.Qe2 Nfd7 27.Bc2 Rh4 28.Nb1 b6 29.Nd4 Nxc5 30.Nxc6+ Kd7
31.Nxe5+ Bxe5 32.Bxe5 Qb7 33.Bg3 d4+ 34.Kg1 Qg2+ 35.Qxg2 hxg2 36.Kxg2 Bb7+
37.Kg1 Rg8 38.f6 Rxg3+ 39.hxg3 Rh1+ 40.Kf2 Rh2+  1/2-1/2

[Event "FSGM July"]
[Site "Budapest HUN"]
[Date "2004.07.12"]
[Round "10"]
[White "Seres,L"]
[Black "Jakab,A"]
[Result "1/2-1/2"]
[WhiteElo "2497"]
[BlackElo "2390"]

1.d4 d5 2.c4 e6 3.Nf3 c6 4.Nc3 Nf6 5.e3 Nbd7 6.Bd3 Bd6 7.O-O O-O 8.e4 dxe4
9.Nxe4 Nxe4 10.Bxe4 h6 11.Bc2 e5 12.Re1 exd4 13.Qxd4 Bc5 14.Qc3 Qb6 15.Be3 Bxe3
16.Rxe3 Nf6 17.h3  1/2-1/2

[Event "FSGM July"]
[Site "Budapest HUN"]
[Date "2004.07.12"]
[Round "10"]
[White "Lorscheid,G"]
[Black "McDonald,N"]
[Result "0-1"]
[WhiteElo "2272"]
[BlackElo "2380"]

1.d4 d5 2.c4 c6 3.Nc3 Nf6 4.e3 e6 5.Nf3 Nbd7 6.Qc2 Bd6 7.b3 O-O 8.Be2 b6
9.O-O Bb7 10.e4 e5 11.dxe5 Nxe5 12.Nxe5 Bxe5 13.Ba3 Re8 14.Rad1 Qc7 15.h3 d4
16.Nb1 c5  0-1

[Event "Canadian Open"]
[Site "Kapuskasing CAN"]
[Date "2004.07.12"]
[Round "4"]
[White "Quan Zhe"]
[Black "Harper,R"]
[Result "0-1"]
[WhiteElo "2324"]
[BlackElo "2207"]

1.d4 d5 2.c4 c6 3.Nc3 Nf6 4.e3 e6 5.Nf3 Nbd7 6.Qc2 a6 7.b3 Bd6 8.Be2 b5 9.Bb2 Bb7
10.O-O O-O 11.a3 Rc8 12.e4 e5 13.Rad1 exd4 14.Nxd4 Qc7 15.h3 bxc4 16.bxc4 c5
17.Nf5 d4 18.Nd5 Bxd5 19.cxd5 Rfe8 20.Bxa6 Rb8 21.Rfe1 g6 22.Nxd6 Qxd6 23.Bf1 Qb6
24.Bc1 Qb3 25.Qxb3 Rxb3 26.f3 Nb6 27.d6 Kg7 28.e5 Nfd7 29.f4 h5 30.h4 Nf8
31.Bd3 c4 32.Bc2 Rc3 33.Bb1 d3 34.Rd2 Ne6 35.Ba2 Na4 36.Rf2 Nd4 37.Bb2 Nxb2
38.Rxb2 Ne2+ 39.Kf2 Nxf4 40.Rd2 Ne6 41.Re4 Nc5 42.Re1 Kf8 43.Kf3 Rc8 44.Ke3 Ne6
45.a4 Ra3 46.Rc1 Rxa4 47.Bb3 Rb4 48.Rxd3 Rc5 49.d7 Rxe5+ 50.Kd2 cxd3 51.Rc8+ Ke7
52.Bxe6 Rd4 53.Re8+ Kf6 54.d8=Q+ Rxd8 55.Rxd8 fxe6 56.Rf8+ Ke7 57.Rf2 Rd5
58.Rf3 e5 59.Rg3 Rd6 60.Rg5 Kf6 61.g4 hxg4 62.Rxg4 Kf5 63.Rg1 e4 64.Rh1 Kf4
65.Rf1+ Ke5 66.Ra1 Rd5 67.Rg1 Kd4 68.Rxg6 e3+ 69.Kd1 Ra5 70.Rd6+ Ke4 71.Re6+ Kf4  0-1

[Event "15th Open"]
[Site "Ljubjana SLO"]
[Date "2004.07.12"]
[Round "4"]
[White "Jakovljevic,Vlado"]
[Black "Soln,P"]
[Result "1-0"]
[WhiteElo "2426"]
[BlackElo "2364"]

1.Nf3 d5 2.d4 c6 3.c4 e6 4.Nc3 Nf6 5.e3 Nbd7 6.Bd3 dxc4 7.Bxc4 b5 8.Bd3 Bd6
9.O-O O-O 10.e4 e5 11.Ne2 Re8 12.Bg5 Bb7 13.Rc1 a6 14.Kh1 exd4 15.Nfxd4 c5
16.Nf5 Bf8 17.f3 Qb6 18.Qe1 Ne5 19.Bb1 Rad8 20.Qg3 Ng6 21.b3 Rd7 22.h4 Kh8
23.Qh3 Bc8 24.h5 Ne7 25.Neg3 h6 26.Be3 Nc6 27.Qh4 Ng8 28.f4 Nb4 29.Rfd1 Red8
30.Rxd7 Rxd7 31.Qg4 Nf6 32.Qe2 Qd8 33.a3 Nd3 34.Bxd3 Rxd3 35.Bxc5 Bxc5 36.Rxc5 Rd1+
37.Kh2 Be6 38.e5 Rd2 39.Qe1 Ng4+ 40.Kh3 Nf2+ 41.Kh2 g6 42.hxg6 fxg6 43.Ne3 Qh4+
44.Kg1 Ne4 45.Nef1 Qxf4 46.Qxe4 Qf2+ 47.Kh2 Qxc5 48.Nxd2  1-0

[Event "15th Open"]
[Site "Ljubjana SLO"]
[Date "2004.07.12"]
[Round "4"]
[White "Podkriznik,G"]
[Black "Ivanisevic,I"]
[Result "1/2-1/2"]
[WhiteElo "2364"]
[BlackElo "2544"]

1.d4 Nf6 2.c4 e6 3.Nf3 d5 4.Nc3 c6 5.e3 Nbd7 6.Qc2 Bd6 7.g4 dxc4 8.Bxc4 e5
9.g5 Nd5 10.Ne4 Bb4+ 11.Bd2 Bxd2+ 12.Qxd2 N7b6 13.Bb3 exd4 14.Nxd4 Qe7 15.Ng3 Bh3
16.O-O-O Qxg5 17.f4 Qh6 18.Ndf5 Bxf5 19.Nxf5 Qf6 20.e4 O-O-O 21.Qg2 Nxf4
22.Qxg7 Qxg7 23.Nxg7 Nd3+ 24.Kb1 Ne5 25.Nf5 Nbc4 26.Kc1 Kc7 27.Rxd8 Rxd8
28.Rg1 f6 29.h4 Nd6 30.Nxd6 Kxd6 31.h5 h6 32.Rg7 Rd7 33.Rg8 Nd3+ 34.Kc2 Ke5
35.Rh8 b5 36.Rxh6 a5 37.Rh8 Nb4+ 38.Kc1 a4 39.Re8+ Kd4 40.Bg8 Rg7 41.Rd8+ Ke3
42.a3 Rg1+ 43.Rd1 Nd3+ 44.Kc2 Rg2+ 45.Kc3 Nxb2 46.Rd8 Nd1+ 47.Kb4 Nf2 48.h6 Rh2
49.h7 Nxe4 50.Rf8 Rh6 51.Ka5 Kf4 52.Bd5 cxd5 53.h8=Q Rxh8 54.Rxh8 d4 55.Kxb5 d3
56.Rd8 d2 57.Kxa4 d1=Q+ 58.Rxd1 Nc3+ 59.Kb4 Nxd1 60.a4 Ke5 61.Kc5 Nc3 62.a5 Nd5
63.a6 Nc7 64.a7 f5 65.Kc6 Na8 66.Kb7 Kd6 67.Kxa8 Kc7  1/2-1/2

[Event "Open"]
[Site "Condom FRA"]
[Date "2004.07.13"]
[Round "5"]
[White "Midoux,S"]
[Black "Bedue,J"]
[Result "1/2-1/2"]
[WhiteElo "2304"]
[BlackElo "2094"]

1.d4 d5 2.c4 c6 3.Nc3 Nf6 4.e3 e6 5.Nf3 Bb4 6.a3 Ba5 7.b4 Bc7 8.Bd3 Nbd7
9.Bb2 O-O 10.e4 e5 11.cxd5 cxd5 12.O-O dxe4 13.Nxe4 Nxe4 14.Bxe4 Nf6 15.Bc2 e4
16.Ne5 Be6 17.Re1 Bd5 18.Re3 Qe7 19.Qe2 Rac8 20.Re1 Bb8 21.Bb1 a6 22.g4 Rfd8
23.g5 Nd7 24.Qg4 Nxe5 25.dxe5 Ba7 26.Rh3 Be6 27.Qxe4 Qxg5+ 28.Rg3 Qh6 29.Bd3 Bd5
30.Qe2 Be6 31.h3 Bd4 32.Bxd4 Rxd4 33.Qe3 Qxe3 34.Rgxe3 g6 35.Kg2 Kf8 36.Kg3 h5
37.f4 Ke7 38.Be4 Rc7 39.h4 b6 40.R1e2 Bg4 41.Rc2 Rxc2 42.Bxc2 Rc4 43.Be4 a5
44.bxa5 bxa5 45.Bd5 Rc5 46.Bb3 Bf5  1/2-1/2

[Event "15th Open"]
[Site "Ljubjana SLO"]
[Date "2004.07.13"]
[Round "5"]
[White "Sitnik,I"]
[Black "Nikolov,Sas"]
[Result "0-1"]
[WhiteElo "2254"]
[BlackElo "2419"]

1.d4 d5 2.c4 e6 3.Nc3 c6 4.e3 Nf6 5.Nf3 Nbd7 6.Qc2 Qc7 7.Bd3 Be7 8.O-O O-O
9.e4 dxe4 10.Nxe4 Nxe4 11.Bxe4 Nf6 12.Bd3 c5 13.Be3 b6 14.dxc5 Bxc5 15.Bg5 h6
16.Bxf6 gxf6 17.Qe2 f5 18.a3 a5 19.Qd2 Kh7 20.b4 Bd6 21.Rad1 Bf4 22.Qc2 Rg8
23.Kh1 axb4 24.axb4 Bb7 25.Bxf5+ exf5 26.Qxf5+ Kh8 27.Rd4 Bxf3 28.gxf3 Bg5
29.h4 Bd8 30.Rfd1 Qe7 31.Rf4 Qe2 32.Rfd4 Bxh4 33.Qh5 Rg6 34.R4d2 Qxc4 35.Rd4 Qe2
36.R4d2 Qe7 37.Rd7 Qf6 38.R7d6 Ra1  0-1

[Event "Open"]
[Site "Condom FRA"]
[Date "2004.07.15"]
[Round "7"]
[White "Zarrouati,P"]
[Black "Cwiek,L"]
[Result "1/2-1/2"]
[WhiteElo "2165"]
[BlackElo "2066"]

1.d4 d5 2.Nf3 c6 3.c4 Nf6 4.Nc3 e6 5.e3 Nbd7 6.Be2 dxc4 7.Bxc4 b5 8.Bd3 Bb7
9.O-O a6 10.e4 c5 11.Qe2 cxd4 12.Nxd4 Ne5 13.Bxb5+ axb5 14.Qxb5+ Nfd7 15.Qxb7 Rb8
16.Qa7 Ra8 17.Qb7 Rb8  1/2-1/2

[Event "111th ch-SCO"]
[Site "Hamilton SCO"]
[Date "2004.07.15"]
[Round "6"]
[White "Pritchett,C"]
[Black "Tweedie,C"]
[Result "1/2-1/2"]
[WhiteElo "2284"]
[BlackElo "2046"]

1.c4 e6 2.Nc3 d5 3.d4 c6 4.e3 Nf6 5.Nf3 Nbd7 6.Qc2 Bd6 7.Bd3 O-O 8.O-O Re8
9.h3 Qe7 10.e4 dxe4 11.Nxe4 Nxe4 12.Bxe4 h6 13.Re1 e5 14.Bh7+ Kh8 15.c5 Bc7
16.Bd3 Qf8 17.Be3 exd4 18.Bxd4 Bd8 19.Rxe8 Qxe8 20.Re1 Qf8 21.Bc4 Bf6 22.Bxf6 Nxf6
23.Ne5 Nd5 24.Bxd5 cxd5 25.Qb3 Qxc5 26.Nxf7+ Kg8 27.Ne5 b6 28.Nd3 Qc4 29.Re8+ Kh7
30.Qxc4 dxc4 31.Ne5 b5 32.Nc6 a6 33.Nb4 Kg6 34.a3 Kf7 35.Rd8 Ke7 36.Nc6+ Kf7
37.Nb4 Ke7 38.Rg8 Kf7 39.Rd8 Ke7 40.Nc6+ Kf7 41.Na5 Ke7 42.Nc6+  1/2-1/2

[Event "Open"]
[Site "Condom FRA"]
[Date "2004.07.16"]
[Round "8"]
[White "Dargagnon,R"]
[Black "Remille,T"]
[Result "0-1"]
[WhiteElo "2114"]
[BlackElo "1891"]

1.Nf3 d5 2.c4 c6 3.d4 Nf6 4.Nc3 e6 5.e3 Nbd7 6.Qc2 Bd6 7.Be2 O-O 8.O-O Qe7
9.b3 e5 10.cxd5 Nxd5 11.Bb2 Nxc3 12.Qxc3 e4 13.Ne5 Nf6 14.Nc4 Bg4 15.Bxg4 Nxg4
16.d5 Bxh2+ 17.Kh1 Qg5 18.Qxg7+ Qxg7 19.Bxg7 Kxg7 20.f3 Be5 21.Rad1 b5  0-1

[Event "111th ch-SCO"]
[Site "Hamilton SCO"]
[Date "2004.07.17"]
[Round "8"]
[White "Grant,J"]
[Black "Motwani,P"]
[Result "0-1"]
[WhiteElo "2266"]
[BlackElo "2552"]

1.c4 c6 2.Nc3 d5 3.d4 Nf6 4.e3 e6 5.Nf3 Nbd7 6.Qc2 a6 7.b3 b5 8.Bd3 Bb7 9.O-O bxc4
10.bxc4 dxc4 11.Bxc4 c5 12.dxc5 Bxc5 13.Rb1 Ra7 14.e4 Qc7 15.Bd3 Bc6 16.Na4 Bxa4
17.Qxa4 O-O 18.Bb2 Qf4 19.Qc2 Rc7 20.Qe2 g6 21.e5 Nd5 22.g3 Qg4 23.Nd2 Qxe2
24.Bxe2 a5 25.Ne4 Rb8 26.Nxc5 Rxc5 27.Bd4 Rc2 28.Rxb8+ Nxb8 29.Bf3 Nc6 30.Bxd5 exd5
31.Rd1 Rxa2 32.Bc5 Rb2 33.f4 a4 34.Rc1 Na5 35.Bd6 Nc4 36.Ra1 Nxd6 37.exd6 Rb6
38.Rxa4 Rxd6 39.Kf2 Rb6 40.Ke3 Kg7 41.Kd4 Rb2 42.Kxd5 Rxh2 43.Ke4 h5 44.Kf3 Rb2
45.Ra6 Rb3+ 46.Kf2 Rb7 47.Kf3 f6 48.Kg2 Kf7 49.Kf3 Ke7 50.Ra3 Rb5 51.Ra6 Rb3+
52.Kg2 Rd3 53.Kh3 Rd2 54.Rb6 Rd6 55.Rb5 Ke6 56.g4 Rd3+ 57.Kh4 Rd4 58.Rb6+ Kf7
59.Kg3 hxg4 60.Kxg4 g5 61.Kh5 Rxf4 62.Rb7+ Ke6 63.Rb5 g4 64.Rb6+ Ke5 65.Rb5+ Ke4
66.Rb4+ Kf3 67.Rb3+ Kg2 68.Rb2+ Kh3 69.Rb3+ g3 70.Ra3 Kh2 71.Ra1 g2  0-1

[Event "Quebec Open"]
[Site "Montreal CAN"]
[Date "2004.07.17"]
[Round "1"]
[White "Castaneda,N"]
[Black "Voloaca,M"]
[Result "1-0"]
[WhiteElo "2288"]
[BlackElo "2219"]

1.d4 d5 2.c4 c6 3.Nc3 Nf6 4.Nf3 e6 5.e3 Nbd7 6.Bd3 dxc4 7.Bxc4 b5 8.Bd3 Bb7
9.O-O a6 10.e4 c5 11.e5 cxd4 12.Nxb5 axb5 13.exf6 gxf6 14.Bxb5 Rg8 15.Bf4 Ra5
16.a4 Bc5 17.Bg3 e5 18.Re1 Kf8 19.Qd2 Kg7 20.Bxd7 e4 21.Bh3 Qb6 22.Nh4 Kh8
23.Qh6 Bf8 24.Qf4 Rag5 25.Qc7 Qb3 26.Nf5 e3 27.fxe3 dxe3 28.Rxe3 Qxb2 29.Rf1 Ba6
30.Rfe1 Ba3  1-0

[Event "ch-Montenegro"]
[Site "Bijelo Polje SCG"]
[Date "2004.07.18"]
[Round "3"]
[White "Djukanovic,S"]
[Black "Bujisic,V"]
[Result "1-0"]
[WhiteElo "2347"]
[BlackElo "2269"]

1.d4 d5 2.c4 c6 3.e3 Nf6 4.Nc3 e6 5.Nf3 Nbd7 6.Bd3 dxc4 7.Bxc4 b5 8.Bd3 a6
9.e4 b4 10.Na4 c5 11.e5 Nd5 12.dxc5 Nxc5 13.Nxc5 Bxc5 14.O-O h6 15.Qe2 Bb7
16.Bd2 Qb6 17.Rac1 Rd8 18.Rc4 Be7 19.Rfc1 Kd7 20.Qd1 b3 21.a4 a5 22.Nd4 Bg5
23.Rc5 Bxd2 24.Qxd2 Rc8 25.Bb5+ Ke7 26.Nxb3 Rxc5 27.Rxc5 Ra8 28.h3 g5 29.g3 Nb4
30.Qd7+ Kf8  1-0

[Event "ACT Open"]
[Site "Amsterdam NED"]
[Date "2004.07.20"]
[Round "4"]
[White "Sokolov,I"]
[Black "Van de Oudeweetering,A"]
[Result "1-0"]
[WhiteElo "2679"]
[BlackElo "2369"]

1.d4 d5 2.c4 c6 3.Nc3 Nf6 4.e3 e6 5.Nf3 Nbd7 6.Bd3 dxc4 7.Bxc4 b5 8.Bd3 a6
9.e4 c5 10.e5 cxd4 11.Nxb5 axb5 12.exf6 gxf6 13.O-O Qb6 14.Qe2 b4 15.Rd1 Bc5
16.a4 h5 17.Be4 Ra5 18.Bf4 h4 19.h3 Ba6 20.Qe1 Kf8 21.b3 Kg7 22.Rac1 e5 23.Bd2 Nf8
24.Bd5 Ng6 25.Qe4 Bc8 26.Qe2 Re8 27.Bc4 e4 28.Bb5 Ba6 29.Nxh4 Nxh4 30.Qg4+ Ng6
31.Bxe8 e3 32.Be1 d3 33.Rxc5 Rxc5 34.fxe3 Re5 35.Bb5 Bxb5 36.axb5 Qxe3+ 37.Bf2 Qe2
38.b6 Rg5 39.Qxe2 dxe2 40.Re1 Nf4 41.Be3 Nxg2 42.Bxg5 Nxe1 43.Kf2 Nf3 44.Kxe2 Nd4+
45.Ke3  1-0

[Event "MTO"]
[Site "Biel SUI"]
[Date "2004.07.20"]
[Round "2"]
[White "Shariyazdanov,A"]
[Black "Murtez,H"]
[Result "1/2-1/2"]
[WhiteElo "2572"]
[BlackElo "2345"]

1.d4 d5 2.c4 c6 3.Nc3 Nf6 4.e3 e6 5.Nf3 Bd6 6.Bd3 O-O 7.O-O Nbd7 8.e4 dxe4
9.Nxe4 Nxe4 10.Bxe4 Nf6 11.Bc2 c5 12.dxc5 Bxc5 13.Qe2 h6 14.Bf4 b6 15.Rad1 Qe7
16.a3 a5 17.Ne5 Bb7 18.Ba4 Rad8 19.Nc6 Bxc6 20.Bxc6 Rxd1 21.Rxd1 Rd8 22.Rxd8+ Qxd8
23.h3 Ne8 24.Be5 Nd6 25.Bc3 Qh4 26.Bb5 Nxb5 27.cxb5  1/2-1/2

[Event "Open"]
[Site "Balatonlelle HUN"]
[Date "2004.07.21"]
[Round "3"]
[White "Nagy,Ervin1"]
[Black "Wegerer,J"]
[Result "1/2-1/2"]
[WhiteElo "2340"]
[BlackElo "2071"]

1.c4 c6 2.Nf3 d5 3.e3 Nf6 4.Nc3 e6 5.d4 Nbd7 6.Qc2 Bd6 7.cxd5 exd5 8.Bd3 O-O
9.O-O Re8 10.h3 Nf8 11.a3 Qe7 12.Nd2 g6 13.b4 a6 14.Nb3 Nh5 15.e4 dxe4 16.Nxe4 Nf4  1/2-1/2

[Event "JunCh-USA"]
[Site "Lindsborg USA"]
[Date "2004.07.21"]
[Round "3"]
[White "Hoekstra,M"]
[Black "Bhat,V"]
[Result "1/2-1/2"]
[WhiteElo "2358"]
[BlackElo "2431"]

1.d4 d5 2.c4 e6 3.Nc3 c6 4.e3 Nf6 5.Nf3 Nbd7 6.Bd3 dxc4 7.Bxc4 b5 8.Bd3 a6
9.a4 b4 10.Ne4 c5 11.Nxf6+ Nxf6 12.dxc5 Bxc5 13.O-O Bb7 14.Qe2 Ne4 15.Qc2 Ng5
16.Nxg5 Qxg5 17.Be4 Bxe4  1/2-1/2

[Event "Quebec Open"]
[Site "Montreal CAN"]
[Date "2004.07.21"]
[Round "5"]
[White "Fillion,S"]
[Black "Gilman,A"]
[Result "0-1"]
[WhiteElo "2169"]
[BlackElo "2235"]

1.d4 d5 2.Nf3 Nf6 3.c4 c6 4.e3 e6 5.Nc3 Nbd7 6.Qc2 b6 7.Be2 Bb7 8.O-O Be7
9.b3 O-O 10.Bb2 Rc8 11.Rad1 Qc7 12.Ne5 Nxe5 13.dxe5 Nd7 14.f4 Rfd8 15.Rf3 dxc4
16.Rh3 g6 17.Bxc4 Nc5 18.b4 Rxd1+ 19.Qxd1 Rd8 20.Qg4 b5 21.bxc5 bxc4 22.Rh6 Qd7
23.Qh3 Qd2 24.Kf1 Bf8 25.Rxh7 Bg7 26.Qh4 Rd7  0-1

[Event "ACT Open"]
[Site "Amsterdam NED"]
[Date "2004.07.22"]
[Round "6"]
[White "Krasenkow,M"]
[Black "Al Sayed,Mohamad"]
[Result "1/2-1/2"]
[WhiteElo "2632"]
[BlackElo "2443"]

1.d4 d5 2.c4 c6 3.Nc3 Nf6 4.e3 e6 5.Nf3 Nbd7 6.Qc2 Bd6 7.g4 Nxg4 8.Rg1 f5
9.h3 Ngf6 10.Rxg7 Ne4 11.Bd2 Nf8 12.Rg2 Ng6 13.O-O-O Bd7 14.Bd3 Qf6 15.Rdg1 Bc7
16.Be1 O-O-O 17.h4 Nxh4 18.Nxh4 Qxh4 19.Bxe4 fxe4 20.f4 Qh3 21.Rg3 Qh6 22.c5 Be8
23.b4 Qf8 24.a4 Bg6 25.b5 Kd7 26.Na2 Ra8 27.Qe2 a6 28.b6 Bd8 29.Qh2 Rc8 30.R3g2 Be7
31.Kb1 Qf7 32.Bh4 Bxh4 33.Qxh4 Rhg8 34.Nc1 Bf5 35.Rxg8 Rxg8 36.Rxg8 Qxg8
37.Qf6 h5 38.Qe5 Qd8 39.Qg7+ Qe7 40.Qh8 Qe8 41.Qh6 Ke7 42.Nb3 Qg6 43.Qh8 Qe8
44.Qg7+ Qf7 45.Qe5 h4 46.Na5 h3 47.Nxc6+ Kf8 48.Ka2 Kg8 49.Na5 h2 50.c6 bxc6
51.b7 Qxb7 52.Nxb7 h1=Q 53.Qb8+ Kh7 54.Qc7+ Kh6 55.Qd8 Qc1 56.Qh8+ Kg6 57.Qg8+ Kh6
58.Qh8+  1/2-1/2

[Event "ACT Open"]
[Site "Amsterdam NED"]
[Date "2004.07.22"]
[Round "6"]
[White "Krasenkova,I"]
[Black "Houska,Jo"]
[Result "0-1"]
[WhiteElo "2210"]
[BlackElo "2375"]

1.d4 d5 2.c4 c6 3.Nc3 Nf6 4.e3 e6 5.Nf3 Nbd7 6.Bd3 dxc4 7.Bxc4 b5 8.Bd3 Bb7
9.O-O h6 10.e4 b4 11.e5 bxc3 12.exf6 c2 13.Bxc2 Qxf6 14.Be4 Bd6 15.Qa4 Nb8
16.Bd2 O-O 17.Rac1 a5 18.Bb1 Rc8 19.Qc2 g6 20.Bxh6 c5 21.Bg5 Qh8 22.Ne5 Nc6
23.f4 Nxd4 24.Qd3 Bxe5 25.fxe5 Ba6 26.Qe4 Ne2+ 27.Kf2 Qxh2 28.Qe3 Nxc1 29.Rxc1 Rab8
30.b3 Rb4 31.Rc3 Rg4 32.Be4 Qxe5 33.Bf3 Rxg5 34.Qd2 Qd4+  0-1

[Event "Open"]
[Site "Balatonlelle HUN"]
[Date "2004.07.23"]
[Round "5"]
[White "Szabo,Ba"]
[Black "Wegerer,J"]
[Result "0-1"]
[WhiteElo "2194"]
[BlackElo "2071"]

1.d4 d5 2.c4 e6 3.Nc3 c6 4.e3 Nf6 5.Nf3 Nbd7 6.Qc2 Bd6 7.Bd2 O-O 8.g4 Nxg4
9.Rg1 f5 10.h3 Ngf6 11.O-O-O Ne4 12.Be1 Nxc3 13.Bxc3 Be7 14.Bd3 a5 15.Rg2 Bf6
16.Nd2 Rf7 17.f3 Nf8 18.Nf1 Bd7 19.Kb1 Qe7 20.f4 Be8 21.Nd2 b5 22.cxb5 cxb5
23.Nb3 Qd8 24.Nc5 Qb6 25.Be1 Rc7 26.b4 axb4 27.Bxb4 Nd7 28.Qb3 Nxc5 29.Bxc5 Rxc5
30.dxc5 Qxc5 31.Rc1 Qxe3 32.Re2 Qd4 33.Rb2 b4 34.Qxb4 Qxd3+ 35.Rbc2 Ba4  0-1

[Event "2nd Asean GM"]
[Site "Bangkok THA"]
[Date "2004.07.23"]
[Round "3"]
[White "Nguyen Anh Dung"]
[Black "Dao Thien Hai"]
[Result "1/2-1/2"]
[WhiteElo "2561"]
[BlackElo "2583"]

1.d4 d5 2.c4 c6 3.Nf3 e6 4.Nc3 Nf6 5.e3 Nbd7 6.Qc2 Bd6 7.Be2 O-O 8.O-O dxc4
9.Bxc4 Qe7 10.h3 e5  1/2-1/2

[Event "ACT Open"]
[Site "Amsterdam NED"]
[Date "2004.07.24"]
[Round "8"]
[White "Acs,P"]
[Black "Al Sayed,Mohamad"]
[Result "1-0"]
[WhiteElo "2545"]
[BlackElo "2443"]

1.d4 d5 2.c4 c6 3.Nf3 Nf6 4.Nc3 e6 5.e3 Nbd7 6.Qc2 Bd6 7.Bd3 O-O 8.O-O dxc4
9.Bxc4 a6 10.Rd1 b5 11.Be2 Qc7 12.e4 e5 13.g3 Re8 14.a3 exd4 15.Nxd4 Be5
16.Bf3 Nb6 17.Bg2 c5 18.Nde2 Bb7 19.f3 c4 20.Be3 Nbd7 21.Nf4 Bxf4 22.Bxf4 Qc5+
23.Kh1 Ne5 24.Bxe5 Rxe5 25.Qd2 Re7 26.Bh3 Rae8 27.Qd4 Qh5 28.Bg2 h6 29.Qb6 Bc8
30.Rd6 Nd7 31.Qd4 Ne5 32.Rf1 Nd3 33.b3 Qc5 34.Qxc5 Nxc5 35.bxc4 bxc4 36.Rc6 Nb3
37.Rd1 Be6 38.Nd5 Rd7 39.Rxc4 Bxd5 40.exd5 Re3 41.Kg1 Rd6 42.Kf2 Re8 43.f4 a5
44.Rd3 Rb8 45.a4 Kf8 46.Rcc3 Rdb6 47.d6 Ke8 48.d7+ Kd8 49.Bh3  1-0

[Event "3rd Open"]
[Site "Bergamo ITA"]
[Date "2004.07.24"]
[Round "6"]
[White "Lalic,B"]
[Black "Malakhatko,V"]
[Result "1/2-1/2"]
[WhiteElo "2527"]
[BlackElo "2555"]

1.d4 d5 2.c4 c6 3.Nc3 Nf6 4.e3 e6 5.Nf3 a6 6.Qc2 c5 7.cxd5 exd5 8.Be2 Nc6
9.O-O Be6 10.Rd1 cxd4 11.Nxd4 Nxd4 12.exd4 Be7 13.Qb3 b5 14.Bg5 O-O 15.Bf3 Qd6
16.Bxf6 Bxf6  1/2-1/2

[Event "ACT Open"]
[Site "Amsterdam NED"]
[Date "2004.07.25"]
[Round "9"]
[White "Van Beek,L"]
[Black "Sandipan,C"]
[Result "1/2-1/2"]
[WhiteElo "2321"]
[BlackElo "2555"]

1.d4 d5 2.c4 e6 3.Nc3 c6 4.e3 Nf6 5.Nf3 Nbd7 6.Qc2 Bd6 7.b3 O-O 8.Be2 a6
9.O-O e5 10.cxd5 cxd5 11.dxe5 Nxe5 12.Bb2 Bg4 13.Nxe5 Bxe5 14.Bxg4 Nxg4 15.h3 Nf6
16.Ne2 Rc8 17.Qb1 Qd6 18.Rc1 Ne4 19.Bxe5 Qxe5 20.Nd4 Rc7 21.Rxc7 Qxc7 22.Qd1 Rc8
23.Qg4 g6 24.Rd1 h5 25.Qf3 Qc3 26.Qe2 Qc5 27.Qb2 b5 28.a3 Qc3 29.Qe2 Nc5
30.g4 Nxb3 31.Nxb3 Qxb3 32.gxh5 Rc6 33.Qf3 gxh5 34.Rxd5 Rg6+ 35.Kh2 Kg7 36.Qxh5 Qb1
37.Qe5+ Kh7 38.Qh5+ Kg7 39.Qe5+ Kh7 40.Qh5+  1/2-1/2

[Event "3rd Open"]
[Site "Bergamo ITA"]
[Date "2004.07.25"]
[Round "7"]
[White "Vezzosi,P"]
[Black "Lapiccirella,D"]
[Result "1/2-1/2"]
[WhiteElo "2350"]
[BlackElo "2104"]

1.d4 d5 2.c4 c6 3.Nc3 Nf6 4.e3 e6 5.Nf3 Nbd7 6.Qc2 Bd6 7.e4 dxe4 8.Nxe4 Nxe4
9.Qxe4 Nf6 10.Qc2 c5 11.dxc5 Bxc5 12.Be2 O-O 13.O-O b6 14.Bg5 Bb7 15.Rad1 Qe7
16.Ne5 h6 17.Rd7 hxg5 18.Rxe7 Bxe7 19.Bf3 Bxf3 20.Nxf3 g4 21.Nd4 Rfc8 22.Qe2 Rc7
23.g3 Rd8 24.Nb3 Rcd7 25.Kg2 a5 26.a4 Rd3 27.Qc2 Bb4 28.h3 gxh3+ 29.Kxh3 Ne4
30.Kg2 Nc5 31.Nxc5 Bxc5 32.b3 Rd2 33.Qe4 Rb2 34.g4 Rdd2 35.Qa8+ Kh7 36.Rh1+ Kg6
37.Qe4+ Kf6 38.Qf4+ Kg6 39.Qe4+ Kf6 40.Qf4+  1/2-1/2

[Event "Politiken Cup"]
[Site "Copenhagen DEN"]
[Date "2004.07.25"]
[Round "2"]
[White "Vul,A"]
[Black "Malmberg,M"]
[Result "1-0"]
[WhiteElo "2438"]
[BlackElo "2114"]

1.Nf3 Nf6 2.c4 e6 3.Nc3 d5 4.d4 c6 5.e3 Be7 6.Bd3 Nbd7 7.O-O O-O 8.e4 dxe4
9.Nxe4 Nxe4 10.Bxe4 Qc7 11.b3 c5 12.Bb2 Bf6 13.Qe2 cxd4 14.Nxd4 Nc5 15.Nb5 Qe7
16.Bxf6 gxf6 17.Bc2 Kh8 18.Rfe1 Rg8 19.Rad1 Bd7 20.Qh5 Rg7 21.Nd6 Qf8 22.Qxc5  1-0

[Event "Politiken Cup"]
[Site "Copenhagen DEN"]
[Date "2004.07.25"]
[Round "3"]
[White "Lahlum,H"]
[Black "Hector,J"]
[Result "0-1"]
[WhiteElo "2254"]
[BlackElo "2515"]

1.d4 d5 2.c4 c6 3.Nc3 Nf6 4.e3 e6 5.Nf3 Nbd7 6.Bd3 dxc4 7.Bxc4 b5 8.Bd3 a6
9.e4 c5 10.d5 Qc7 11.O-O Bb7 12.dxe6 fxe6 13.Bc2 Bd6 14.Ng5 Nf8 15.f4 h6
16.Nh3 O-O-O 17.Qe2 e5 18.f5 c4 19.Kh1 N8d7 20.Nf2 Bc5 21.Nfd1 Bd4 22.Bd2 Nc5
23.Rc1 Rd7 24.b4 Bxc3 25.Nxc3 Rhd8 26.Rfd1 Nd3 27.Bxd3 Rxd3 28.Be1 R8d4 29.Bf2 Rxd1+
30.Rxd1 Rxd1+ 31.Qxd1 Bxe4 32.Nxe4 Nxe4 33.Be3 Qd7 34.Qf3 Qd3 35.h3 Kd7 36.Kh2 Nd6
37.f6 gxf6 38.Qg4+ Kc6 39.Bxh6 f5 40.Qg8 f4 41.Qa8+ Kd7 42.Qa7+ Ke6 43.Bf8 Nf5
44.Qxa6+ Kf7 45.Bc5 c3 46.Qb7+ Kg6 47.Qc6+ Kh7 48.Qc7+ Kg6 49.Qc6+ Kh7 50.Qc7+ Ng7
51.Qxe5 Qg3+ 52.Kh1 c2 53.Qe4+ Qg6 54.Qxf4 Nf5 55.Be3 Nxe3 56.Qxe3 Qc6 57.Qd3+ Kg7
58.Qg3+ Kf7 59.Qf4+ Ke8 60.Qe5+ Kd7 61.Qf5+ Kc7 62.Qf4+ Kb7 63.Qc1 Qc3 64.Kh2 Qe5+
65.Kg1 Qe2 66.Kh2 Qd1 67.Qg5 c1=Q 68.Qxb5+ Kc8 69.Qe8+ Qd8 70.Qe6+ Kb7 71.Qe4+ Qc6
72.Qh7+ Qdc7+  0-1